New Zealand Darts Masters - Statistiken

Allgemein
  • Dieses Quiz wurde 82 mal gespielt
    17 seit der letzten Aktualisierung
  • Das Durchschnittsergebnis liegt bei 4 aus 5
Antwortstatistiken
Jahr Nationalität Sieger % Korrekt
2025 England Luke Littler
100%
2022 Wales Gerwyn Price
93%
2019 Niederlande Michael van Gerwen
93%
2024 England Luke Humphries
86%
2023 England Rob Cross
64%
Keine übereinstimmenden Quizze gefunden
Verteilung der Resultate
Anzahl Personen mit jedem Resultat
Perzentil nach korrekt beantworteten Fragen
Ihre Resultats-Entwicklung
Sie haben dieses Quiz seit der letzten Aktualisierung nicht gespielt